Welcome to the Holygrace Academy Library

Please use search bar below to get started

THE WORLD OF BIRDS (Record no. 6589)

MARC details
000 -LEADER
fixed length control field 00218nam a22001097a 4500
082 ## - DEWEY DECIMAL CLASSIFICATION NUMBER
Classification number 001
Item number MAC/W
245 ## - TITLE STATEMENT
Title THE WORLD OF BIRDS
260 ## - PUBLICATION, DISTRIBUTION, ETC. (IMPRINT)
Place of publication NEW YORK
Name of publisher MACMILLAN
300 ## - PHYSICAL DESCRIPTION
Number of Pages 62
650 ## - SUBJECT ADDED ENTRY--TOPICAL TERM
Topical Term GK
Geographic subdivision NEWYORK
942 ## - ADDED ENTRY ELEMENTS (KOHA)
Koha item type Books
Holdings
Withdrawn status Lost status Collection code Home library Current library Shelving location Date acquired Source of acquisition Cost, normal purchase price Full call number Accession Number Koha item type
    G.K Main Library Main Library SHELF-17E-SCIENCE RELATED BOOKS 06/02/2002 PURCHASE 40.00 001 MAC/W 01497 Books